000 00528nam a2200145 i 4500
001 59678
003 ES-MaACL
007 t|
008 031030s1941 sp ||||1| spa d
100 1 _aEppinger, Hans.
_947326
245 1 0 _aEnfermedades del hígado
_b: patología general y especial y tratamiento de las hepatopatías /
_cpor Hans Eppinger ; versión española por Juan Ros Carballo.
260 _aBarcelona :
_bLabor,
_c1941 (
_fHispano-Americana)
700 1 _aRos Carballo, Juan.
_999583
852 _aES-MaACL
_jE-167
_bR.19232
999 _c59678
_d59678